Taylor Swift Songs by Last Line #2 - Statistics

General Stats
  • This quiz has been taken 40 times
  • The average score is 13 of 22
Answer Stats
Last Line Answer % Correct
And I'll write your name Blank Space
100%
It was rare, you remember it All Too Well
91%
She took him faster than you could say, "Sabotage" Better Than Revenge
91%
'Cause we were both young when I first saw you Love Story
91%
I'll be usin' for the rest of my life Don't Blame Me
82%
It just felt so good, good I Did Something Bad
79%
You never gave a warning sign exile
76%
"She's a bad, bad girl" Miss Americana & the Heartbreak Prince
76%
It isn't love, it isn't hate, it's just indifference, oh yeah I Forgot That You Existed
67%
A million little times illicit affairs
67%
I might as well be drunk in love Slut!
61%
So inviting, I almost jump in gold rush
58%
These chemicals hit me like white wine The Alchemy
52%
I vowed I would always be yours The Great War
52%
Then came out alive The Bolter
42%
I'm never gonna love again cowboy like me
39%
Don't you dream impossible things? Starlight
36%
You always have been You're On Your Own, Kid
36%
I said, "That's a lie" Tim McGraw
33%
All the time Back To December
30%
I'll still look at you like the stars that shine in the sky Mary's Song (Oh My My My)
30%
Thought you'd be here by now If This Was A Movie
21%
No matching quizzes found
Score Distribution
Percent of People with Each Score
Percentile by Number Answered
Your Score History
You have not taken this quiz